Catálogo

América Latina : Identidad y futuro : (Registro nro. 63722)

Detalles MARC
000 -LEADER
fixed length control field 00903nam a2200265 u 4500
001 - CONTROL NUMBER
control field 63722
005 - DATE AND TIME OF LATEST TRANSACTION
control field 20180714070257.0
008 - FIXED-LENGTH DATA ELEMENTS--GENERAL INFORMATION
fixed length control field 151110s2007 mx r 000 0 spa d
020 ## - INTERNATIONAL STANDARD BOOK NUMBER
International Standard Book Number 9789689074137
041 ## - LANGUAGE CODE
Language code of text/sound track or separate title spa
082 0# - DEWEY DECIMAL CLASSIFICATION NUMBER
Classification number 199.8
Item number MOR
100 1# - MAIN ENTRY--PERSONAL NAME
Personal name Morandé, Pedro
Relator term autor
245 10 - TITLE STATEMENT
Title América Latina : Identidad y futuro :
Remainder of title xv años ayudando a formar la conciencia social solidaria /
Statement of responsibility, etc. Pedro Morandé Court.
250 ## - EDITION STATEMENT
Edition statement [Primera edición]
264 #1 - PRODUCTION, PUBLICATION, DISTRIBUTION, MANUFACTURE, AND COPYRIGHT NOTICE
Place of production, publication, distribution, manufacture México :
Name of producer, publisher, distributor, manufacturer Instituto Mexicano de Doctrina Social Cristiana,
Date of production, publication, distribution, manufacture, or copyright notice 2007
300 ## - PHYSICAL DESCRIPTION
Extent 217 páginas ;
Dimensions 23 cm.
336 ## - CONTENT TYPE
Content type term texto
Source rdacontent
337 ## - MEDIA TYPE
Media type term sin mediación
Source rdamedia
338 ## - CARRIER TYPE
Carrier type term volumen
Source rdacarrier
490 0# - SERIES STATEMENT
Series statement América Latina: memoria y futuro
Volume/sequential designation 5
650 #4 - SUBJECT ADDED ENTRY--TOPICAL TERM
Topical term or geographic name entry element Filosofía
Geographic subdivision América Latina
650 #4 - SUBJECT ADDED ENTRY--TOPICAL TERM
Topical term or geographic name entry element Identidad católica
650 #4 - SUBJECT ADDED ENTRY--TOPICAL TERM
Topical term or geographic name entry element Identidad cultural
650 #4 - SUBJECT ADDED ENTRY--TOPICAL TERM
Topical term or geographic name entry element Filosofía cristiana
Existencias
Withdrawn status Lost status Source of classification or shelving scheme Damaged status Not for loan Collection code Home library Current library Shelving location Date acquired Source of acquisition Inventory number Total Checkouts Full call number Barcode Price effective from Koha item type
    Dewey Decimal Classification     General Biblioteca Karol Wojtyla Biblioteca Karol Wojtyla Sala general 10/11/2015 Compra 151000000000000000057136   199.8 MOR 2007 92456 10/11/2015 Libro